[Event "GER Cup Net V1 U2400"]
[Site "Playchess.com INT"]
[Date "2020.05.19"]
[Round "5"]
[White "Cofman, Veaceslav"]
[Black "Wiemer, Peter"]
[Result "1-0"]
[WhiteElo "2156"]
[BlackElo "2038"]
[PlyCount "73"]
[EventDate "2020.05.19"]
[EventType "swiss (blitz)"]
[EventRounds "9"]
[EventCountry "GER"]
[SourceTitle "EXT 2021"]
[Source "ChessBase"]
[SourceDate "2020.10.23"]
[SourceVersion "1"]
[SourceVersionDate "2020.10.23"]
[SourceQuality "1"]

1. d4 Nf6 2. c4 e6 3. Nf3 d5 4. Nc3 dxc4 5. g3 Be7 6. Bg2 0-0 7. 0-0 a6 8. Ne5 Nc6 9. Bxc6 bxc6 10. Nxc6 Qd7 11. Nxe7+ Qxe7 12. Qa4 e5 13. dxe5 Qxe5 14. Qxc4 Be6 15. Qf4 Qh5 16. f3 Rfe8 17. Be3 Rab8 18. b3 a5 19. Bd4 Rb4 20. a3 Rxb3 21. Bxf6 gxf6 22. Ne4 Kf8 23. Nxf6 Qc5+ 24. Kg2 Rd8 25. Rac1 Qe3 26. Nxh7+ Kg7 27. Qf6+ Kxh7 28. Qxd8 Qxe2+ 29. Rf2 Qe3 30. Qd2 Qb6 31. Qc2+ Kg8 32. Rd2 Qb7 33. Qe4 Qb6 34. Rd8+ Kg7 35. Qe5+ Kg6 36. Rg8+ Kh6 37. Qh8# 1-0

[Event "GER Cup Net V1 U2400"]
[Site "Playchess.com INT"]
[Date "2020.05.19"]
[Round "8"]
[White "Kopylov, Michael"]
[Black "Wiemer, Peter"]
[Result "0-1"]
[WhiteElo "2250"]
[BlackElo "2038"]
[PlyCount "108"]
[EventDate "2020.05.19"]
[EventType "swiss (blitz)"]
[EventRounds "9"]
[EventCountry "GER"]
[SourceTitle "EXT 2021"]
[Source "ChessBase"]
[SourceDate "2020.10.23"]
[SourceVersion "1"]
[SourceVersionDate "2020.10.23"]
[SourceQuality "1"]

1. d4 Nf6 2. c4 e6 3. g3 d5 4. Bg2 Be7 5. Nf3 0-0 6. 0-0 dxc4 7. Qc2 a6 8. Qxc4 b5 9. Qc2 Bb7 10. Bg5 Be4 11. Qc1 Nbd7 12. Nbd2 Bg6 13. Nb3 Rc8 14. Rd1 Qe8 15. Ne5 Nxe5 16. dxe5 Nd5 17. Bxe7 Qxe7 18. Nc5 a5 19. a3 Rfd8 20. Nb7 Rd7 21. Qc5 c6 22. Nd6 h5 23. Rac1 Rcc7 24. e4 Qg5 25. exd5 exd5 26. f4 Qg4 27. Qf2 f6 28. Nxb5 cxb5 29. h3 Qf5 30. exf6 Qxf6 31. Rxc7 Rxc7 32. Bxd5+ Kh7 33. Bg2 b4 34. Qd4 Qxd4+ 35. Rxd4 bxa3 36. bxa3 Rc3 37. g4 hxg4 38. hxg4 Rxa3 39. f5 Bf7 40. g5 Bb3 41. g6+ Kh6 42. Rd7 Ra1+ 43. Kh2 a4 44. Be4 Re1 45. Bf3 Re3 46. Bg2 a3 47. Ra7 a2 48. Ra3 Re1 49. Kg3 a1Q 50. Rxa1 Rxa1 51. Bf3 Ra5 52. Kf4 Bc2 53. Be4 Bxe4 54. Kxe4 Kg5 0-1

[Event "GER Cup Net V1 U2400"]
[Site "Playchess.com INT"]
[Date "2020.05.19"]
[Round "3"]
[White "Lambertz, Michael"]
[Black "Wiemer, Peter"]
[Result "0-1"]
[WhiteElo "1831"]
[BlackElo "2038"]
[PlyCount "80"]
[EventDate "2020.05.19"]
[EventType "swiss (blitz)"]
[EventRounds "9"]
[EventCountry "GER"]
[SourceTitle "EXT 2021"]
[Source "ChessBase"]
[SourceDate "2020.10.23"]
[SourceVersion "1"]
[SourceVersionDate "2020.10.23"]
[SourceQuality "1"]

1. e4 e6 2. d4 d5 3. e5 c5 4. c3 Nc6 5. Nf3 Nh6 6. a3 cxd4 7. cxd4 Nf5 8. b4 a6 9. Bb2 Be7 10. Be2 h5 11. 0-0 Bd7 12. Nc3 g5 13. Na4 g4 14. Ne1 Bg5 15. Nc5 b6 16. Nb3 a5 17. b5 Nce7 18. a4 Ng6 19. Nd3 Rc8 20. Bc1 Ngh4 21. Bf4 Ng6 22. Qd2 Nxf4 23. Nxf4 Qe7 24. Rac1 0-0 25. g3 Kh7 26. Bd3 Kh6 27. Rxc8 Rxc8 28. Rc1 Qa3 29. Rxc8 Bxc8 30. Qc3 Bd7 31. Bxf5 Bxf4 32. Bxe6 Bxe6 33. gxf4 Qxa4 34. Qe3 Kg7 35. f5 Bxf5 36. Qg5+ Bg6 37. Qf6+ Kh7 38. Nd2 Qd1+ 39. Nf1 Qxd4 40. e6 Qxf6 0-1

[Event "GER Cup Net V1 U2400"]
[Site "Playchess.com INT"]
[Date "2020.05.19"]
[Round "1"]
[White "Wiemer, Peter"]
[Black "Beesk, Kevin"]
[Result "1-0"]
[WhiteElo "2038"]
[BlackElo "1806"]
[PlyCount "65"]
[EventDate "2020.05.19"]
[EventType "swiss (blitz)"]
[EventRounds "9"]
[EventCountry "GER"]
[SourceTitle "EXT 2021"]
[Source "ChessBase"]
[SourceDate "2020.10.23"]
[SourceVersion "1"]
[SourceVersionDate "2020.10.23"]
[SourceQuality "1"]

1. e4 c5 2. d4 cxd4 3. c3 dxc3 4. Nxc3 Nc6 5. Nf3 d6 6. Bc4 a6 7. 0-0 Nf6 8. Qe2 Bg4 9. Be3 e6 10. Rfd1 Ne5 11. Bb3 Nh5 12. Ba4+ b5 13. Nxb5 axb5 14. Bxb5+ Nd7 15. h3 Bxf3 16. Qxf3 Nhf6 17. e5 Nd5 18. Rxd5 exd5 19. Qxd5 Be7 20. e6 0-0 21. exd7 Ra5 22. Qc6 Qb8 23. a4 Bd8 24. Rc1 Kh8 25. Bf4 Be7 26. Re1 Qd8 27. Kh2 Ra7 28. Rxe7 Qxe7 29. Bxd6 Qf6 30. Bxf8 Qf4+ 31. Kg1 Rc7 32. Bd6 Rxc6 33. Bxf4 1-0

[Event "GER-ch Net blitz qual5"]
[Site "Playchess.com INT"]
[Date "2020.03.28"]
[Round "4"]
[White "Mossakowski, Florian"]
[Black "Wiemer, Peter"]
[Result "1-0"]
[WhiteElo "1973"]
[BlackElo "2185"]
[PlyCount "111"]
[EventDate "2020.03.28"]
[EventType "swiss (blitz)"]
[EventRounds "13"]
[EventCountry "GER"]
[SourceTitle "CBM 195 Extra"]
[Source "ChessBase"]
[SourceDate "2020.05.31"]
[SourceVersion "1"]
[SourceVersionDate "2020.05.31"]
[SourceQuality "1"]

1. e4 e6 2. d4 d5 3. e5 b6 4. Nf3 Qd7 5. c3 Ne7 6. Na3 Ba6 7. Bxa6 Nxa6 8. 0-0 c6 9. Bg5 Nc7 10. Nc2 h6 11. Bxe7 Bxe7 12. Ne3 0-0 13. Qd3 c5 14. h3 Qb5 15. Qd2 a5 16. a4 Qe8 17. Nh2 f5 18. exf6 Bxf6 19. Neg4 e5 20. dxe5 Bxe5 21. Nf3 Bf4 22. Qd3 Qh5 23. Rfe1 Rae8 24. Rad1 Bd6 25. c4 d4 26. Re4 Qf5 27. Rde1 Rxe4 28. Qxe4 Qxe4 29. Rxe4 h5 30. Ngh2 Re8 31. Rxe8+ Nxe8 32. Nf1 Nf6 33. N1d2 Bf4 34. Kf1 Kf7 35. Ke2 Ke6 36. Kd3 Kf5 37. Nh4+ Ke6 38. Nhf3 g5 39. Ne4 g4 40. hxg4 hxg4 41. Nh4 Nd7 42. Ng6 Kf5 43. Ne7+ Ke6 44. Ng6 Kf5 45. Nh4+ Ke6 46. g3 Ne5+ 47. Ke2 Bc1 48. b3 Bh6 49. Ng2 Kf5 50. Nd2 Bxd2 51. Kxd2 Ke4 52. Nh4 Nc6 53. Ng6 Ne5 54. Nf8 Nf3+ 55. Kd1 Kd3 56. Nd7 1-0

[Event "Landesliga Nord 1819"]
[Site "Bayern"]
[Date "2019.02.03"]
[Round "6.4"]
[White "Bade, Joern"]
[Black "Wiemer, Peter"]
[Result "1/2-1/2"]
[WhiteElo "2214"]
[BlackElo "2190"]
[PlyCount "112"]
[EventDate "2018.10.21"]
[EventType "team-tourn"]
[EventRounds "9"]
[EventCountry "GER"]
[SourceTitle "EXT 2022"]
[Source "ChessBase"]
[SourceDate "2021.10.06"]
[SourceVersion "1"]
[SourceVersionDate "2021.10.06"]
[SourceQuality "1"]
[WhiteTeam "Forchheim SC"]
[BlackTeam "Nuernberg Sued SW"]
[WhiteTeamCountry "GER"]
[BlackTeamCountry "GER"]

1. e4 e6 2. d4 d5 3. e5 c5 4. Nf3 Nc6 5. Bd3 cxd4 6. 0-0 Nge7 7. Bf4 Ng6 8. Bg3 Be7 9. Nbd2 0-0 10. h4 f5 11. h5 Nh8 12. Nb3 Qb6 13. Bf4 Nf7 14. Re1 Bd7 15. a3 a5 16. Bf1 a4 17. Nbxd4 Nxd4 18. Qxd4 Bc5 19. Qd2 Bb5 20. Bxb5 Qxb5 21. Be3 Bxe3 22. Qxe3 Qxb2 23. Nd4 Qb6 24. Rab1 Qa6 25. Rb4 Rac8 26. Reb1 Nd8 27. h6 Rf7 28. Rb6 Qa5 29. Rd6 Qc7 30. Rb4 gxh6 31. Qxh6 Qe7 32. Nxe6 Nxe6 33. Rxe6 Qc5 34. Qg5+ Kh8 35. Rf6 Rg8 36. Qxf5 Rfg7 37. g4 Rg5 38. Qf3 Qxc2 39. Rf7 Qg6 40. Rfxb7 Rxg4+ 41. Rxg4 Qxg4+ 42. Qxg4 Rxg4+ 43. Kf1 Re4 44. Re7 Kg8 45. f3 Re3 46. Kf2 Rxa3 47. Rd7 Rd3 48. Ra7 a3 49. e6 Kf8 50. f4 d4 51. f5 Re3 52. Rxh7 Re5 53. Ra7 Rxf5+ 54. Ke2 Re5+ 55. Kd3 Rxe6 56. Kxd4 Rd6+ 1/2-1/2

[Event "Landesliga Nord 1718"]
[Site "Bayern"]
[Date "2017.12.10"]
[Round "4.2"]
[White "Pfadenhauer, Johannes"]
[Black "Wiemer, Peter"]
[Result "0-1"]
[WhiteElo "2136"]
[BlackElo "2145"]
[PlyCount "60"]
[EventDate "2017.10.22"]
[EventType "team-tourn"]
[EventRounds "9"]
[EventCountry "GER"]
[SourceTitle "EXT 2022"]
[Source "ChessBase"]
[SourceDate "2021.10.06"]
[SourceVersion "1"]
[SourceVersionDate "2021.10.06"]
[SourceQuality "1"]
[WhiteTeam "Bindlach Aktionaer II"]
[BlackTeam "Zirndorf"]
[WhiteTeamCountry "GER"]
[BlackTeamCountry "GER"]

1. d4 e6 2. Nf3 Nf6 3. g3 Be7 4. Bg2 0-0 5. c4 d5 6. 0-0 dxc4 7. Qc2 a6 8. a4 Bd7 9. Qxc4 Bc6 10. Nc3 b5 11. Qd3 b4 12. Nb1 Be4 13. Qe3 c5 14. Nbd2 Bb7 15. b3 Nd5 16. Qd3 Nc3 17. Bb2 cxd4 18. Nxd4 Qxd4 19. Bxb7 Qxd3 20. exd3 Ra7 21. Bg2 Rd7 22. Ne4 Rxd3 23. Bxc3 bxc3 24. Rfd1 Rxd1+ 25. Rxd1 Rc8 26. Rc1 c2 27. Nf6+ Bxf6 28. Be4 Bb2 29. Rxc2 Rxc2 30. Bxc2 a5 0-1

[Event "Landesliga Nord 1617"]
[Site "Bayern"]
[Date "2017.03.19"]
[Round "7.2"]
[White "Wichmann, Adrian"]
[Black "Wiemer, Peter"]
[Result "0-1"]
[WhiteElo "2004"]
[BlackElo "2183"]
[PlyCount "70"]
[EventDate "2016.10.16"]
[EventType "team-tourn"]
[EventRounds "9"]
[EventCountry "GER"]
[SourceTitle "EXT 2019"]
[Source "ChessBase"]
[SourceDate "2018.10.10"]
[SourceVersion "1"]
[SourceVersionDate "2018.10.10"]
[SourceQuality "1"]
[WhiteTeam "Forchheim II"]
[BlackTeam "Zirndorf"]
[WhiteTeamCountry "GER"]
[BlackTeamCountry "GER"]

1. e4 e6 2. d4 d5 3. Nc3 Nc6 4. e5 f6 5. exf6 Nxf6 6. Nf3 a6 7. Bf4 Bd6 8. Bg3 0-0 9. Bd3 Qe8 10. Qe2 Nh5 11. 0-0-0 Nf4 12. Bxf4 Bxf4+ 13. Kb1 b5 14. Rhe1 Qh5 15. h3 Bd7 16. g4 Qf7 17. h4 Rae8 18. g5 e5 19. dxe5 Bxe5 20. Nxe5 Nxe5 21. Qf1 c6 22. Qh1 Bg4 23. Be2 Nf3 24. g6 hxg6 25. Rg1 Bh5 26. Rg3 b4 27. Rd3 Nd2+ 28. Rxd2 bxc3 29. Rxc3 Bxe2 30. Rxc6 Bf3 31. Qf1 Qf4 32. Qc1 Re4 33. Rxg6 Bg4 34. a3 Rfe8 35. Ka2 Re1 0-1

[Event "Landesliga Nord 1617"]
[Site "Bayern"]
[Date "2017.02.05"]
[Round "5.3"]
[White "Wiemer, Peter"]
[Black "Maurer, Christian"]
[Result "0-1"]
[WhiteElo "2183"]
[BlackElo "2177"]
[PlyCount "50"]
[EventDate "2016.10.16"]
[EventType "team-tourn"]
[EventRounds "9"]
[EventCountry "GER"]
[SourceTitle "EXT 2019"]
[Source "ChessBase"]
[SourceDate "2018.10.10"]
[SourceVersion "1"]
[SourceVersionDate "2018.10.10"]
[SourceQuality "1"]
[WhiteTeam "Zirndorf"]
[BlackTeam "Kelheim"]
[WhiteTeamCountry "GER"]
[BlackTeamCountry "GER"]

1. e4 c5 2. c3 g6 3. d4 cxd4 4. cxd4 d5 5. exd5 Nf6 6. Bb5+ Bd7 7. Bc4 Bg7 8. Nc3 0-0 9. Qb3 Bf5 10. Qxb7 Nbd7 11. Bf4 Nb6 12. Bb3 Bc8 13. Qc6 Ba6 14. Bc7 Qc8 15. Bxb6 axb6 16. Nge2 Qg4 17. Rg1 Rfc8 18. Qxb6 Nd7 19. Qb4 Rcb8 20. Qxe7 Bxe2 21. h3 Qxd4 22. d6 Rxb3 23. Nxe2 Qxb2 24. Rd1 Rxa2 25. f4 Be5 0-1

[Event "Landesliga Nord 1617"]
[Site "Bayern"]
[Date "2016.11.20"]
[Round "2.3"]
[White "Urytskyy, Arkadiy"]
[Black "Wiemer, Peter"]
[Result "1/2-1/2"]
[WhiteElo "1994"]
[BlackElo "2183"]
[PlyCount "148"]
[EventDate "2016.10.16"]
[EventType "team-tourn"]
[EventRounds "9"]
[EventCountry "GER"]
[SourceTitle "EXT 2019"]
[Source "ChessBase"]
[SourceDate "2018.10.10"]
[SourceVersion "1"]
[SourceVersionDate "2018.10.10"]
[SourceQuality "1"]
[WhiteTeam "Bindlach Aktionaer II"]
[BlackTeam "Zirndorf"]
[WhiteTeamCountry "GER"]
[BlackTeamCountry "GER"]

1. Nf3 Nf6 2. g3 b6 3. Bg2 Bb7 4. 0-0 e6 5. c4 Be7 6. b3 0-0 7. Bb2 c5 8. d4 d6 9. Nc3 Ne4 10. Nxe4 Bxe4 11. Qd2 Bf6 12. Rad1 Qe7 13. dxc5 Bxb2 14. Qxb2 bxc5 15. Rd2 Nc6 16. Rfd1 Rfd8 17. Qc3 Rd7 18. Qe3 f5 19. Ng5 Bxg2 20. Kxg2 Re8 21. Nf3 h6 22. Qc3 Red8 23. Qc2 Qf6 24. e3 g5 25. Qb2 Kf7 26. Qxf6+ Kxf6 27. h3 e5 28. Ng1 Ke6 29. Ne2 Nb4 30. Nc3 d5 31. Na4 Na6 32. cxd5+ Rxd5 33. Rxd5 Rxd5 34. Rc1 e4 35. Kf1 Ke5 36. Nb2 Nb4 37. Nc4+ Ke6 38. a3 Nd3 39. Rc2 Rd7 40. Nb2 Nxb2 41. Rxb2 Rd3 42. Rc2 Kd5 43. Rb2 f4 44. gxf4 gxf4 45. exf4 Rxh3 46. Ke2 Kd4 47. Rb1 Rc3 48. Rd1+ Rd3 49. Rb1 h5 50. f5 Rf3 51. Rd1+ Ke5 52. Rc1 Kd5 53. Rd1+ Kc6 54. b4 Rxf5 55. bxc5 Kxc5 56. Ke3 h4 57. Rh1 Rf3+ 58. Kxe4 Rxa3 59. f4 h3 60. Ke5 Re3+ 61. Kf5 Kd4 62. Rh2 Rg3 63. Ra2 Rg7 64. Kf6 Rh7 65. Rh2 Ke4 66. Kg6 Rh8 67. f5 Kf4 68. f6 Kg3 69. Kg7 Rc8 70. Ra2 h2 71. Ra3+ Kg2 72. Ra2+ Kh3 73. Ra3+ Kg2 74. Ra2+ Kg1 1/2-1/2

[Event "Regionalliga NO 1415"]
[Site "Bayern"]
[Date "2014.11.23"]
[Round "3.3"]
[White "Goetz, Andreas"]
[Black "Wiemer, Peter"]
[Result "1/2-1/2"]
[WhiteElo "2013"]
[BlackElo "2183"]
[PlyCount "60"]
[EventDate "2014.10.19"]
[EventType "team-tourn"]
[EventRounds "9"]
[EventCountry "GER"]
[SourceTitle "EXT 2018"]
[Source "ChessBase"]
[SourceDate "2017.10.13"]
[SourceVersion "1"]
[SourceVersionDate "2017.10.13"]
[SourceQuality "1"]
[WhiteTeam "Erlangen SC II"]
[BlackTeam "Zirndorf"]
[WhiteTeamCountry "GER"]
[BlackTeamCountry "GER"]

1. e4 e6 2. d4 d5 3. Nd2 Be7 4. Ngf3 Nf6 5. Bd3 c5 6. dxc5 dxe4 7. Nxe4 Nxe4 8. Bxe4 Qxd1+ 9. Kxd1 Bxc5 10. Ke2 Nd7 11. Be3 Bxe3 12. Kxe3 Nc5 13. Nd2 Nxe4 14. Nxe4 Bd7 15. Rhd1 Bc6 16. Rd3 Ke7 17. g3 Rad8 18. Rad1 Rxd3+ 19. Rxd3 Rc8 20. Rd2 Bd5 21. Nc3 Bc4 22. f4 Rc6 23. Rd4 f6 24. a3 Ba6 25. Kd2 Bf1 26. Nd1 Rd6 27. Kc3 Rc6+ 28. Kd2 Rd6 29. Kc3 Rc6+ 30. Kd2 Rd6 1/2-1/2

[Event "Regionalliga NO 1415"]
[Site "Bayern"]
[Date "2014.11.09"]
[Round "2.3"]
[White "Wiemer, Peter"]
[Black "Oberhofer, Cedric"]
[Result "1/2-1/2"]
[WhiteElo "2183"]
[BlackElo "2031"]
[PlyCount "178"]
[EventDate "2014.10.19"]
[EventType "team-tourn"]
[EventRounds "9"]
[EventCountry "GER"]
[SourceTitle "EXT 2018"]
[Source "ChessBase"]
[SourceDate "2017.10.13"]
[SourceVersion "1"]
[SourceVersionDate "2017.10.13"]
[SourceQuality "1"]
[WhiteTeam "Zirndorf"]
[BlackTeam "Regensburg Bavaria"]
[WhiteTeamCountry "GER"]
[BlackTeamCountry "GER"]

1. e4 c5 2. c3 d5 3. exd5 Qxd5 4. d4 Nf6 5. Nf3 e6 6. Be2 Be7 7. 0-0 0-0 8. h3 cxd4 9. Nxd4 Rd8 10. Be3 a6 11. Bf3 Qa5 12. Qc2 Nd5 13. Bc1 Bd7 14. Nd2 Nc6 15. Ne2 Be8 16. Nc4 Qc5 17. Ne3 Rac8 18. Qb3 Na5 19. Qc2 Nc4 20. Nxd5 exd5 21. Nd4 Bf6 22. Rd1 Ne5 23. Be2 Nc6 24. Nxc6 Bxc6 25. Bd3 h6 26. Be3 Qa5 27. Bf5 Bd7 28. Bxd7 Rxd7 29. Qf5 Rcd8 30. Bxh6 Qb6 31. Bc1 d4 32. Rd3 g6 33. Qf3 dxc3 34. Rxd7 Rxd7 35. bxc3 Rc7 36. Bd2 Qb2 37. Rd1 Bxc3 38. Bc1 Qb4 39. Rd8+ Kh7 40. Qe3 Bg7 41. Ba3 Qb1+ 42. Kh2 Qxa2 43. Qf4 Qc4 44. Qg3 b5 45. Bd6 Rc6 46. Bf4 Bf6 47. Ra8 Qd5 48. Qe3 Qe6 49. Qg3 b4 50. Bg5 Bxg5 51. Qxg5 Qf6 52. Qg3 Qd6 53. f4 Qf6 54. Qe3 Rc4 55. Ra7 Qxf4+ 56. Qxf4 Rxf4 57. Rxa6 Kg7 58. Rb6 g5 59. Kg3 f6 60. Kh2 Kg6 61. Rb5 Kf7 62. Rb6 Kg6 63. Rb5 f5 64. Rb6+ Kf7 65. Kg1 g4 66. hxg4 fxg4 67. Kh2 Ke7 68. Kg3 Rc4 69. Kh4 Kd7 70. Kg5 Kc7 71. Rb5 Kc6 72. Rb8 Kc5 73. Kf5 Rd4 74. Ke5 Rd2 75. g3 Rf2 76. Rc8+ Kb5 77. Rg8 b3 78. Rxg4 b2 79. Rg8 Kc4 80. Rb8 Kc3 81. g4 Rg2 82. Kf5 Kc2 83. g5 Rg3 84. Rxb2+ Kxb2 85. g6 Kc3 86. Kf6 Kd4 87. g7 Kd5 88. Kf7 Kd6 89. g8Q Rxg8 1/2-1/2

[Event "Regionalliga NO 1415"]
[Site "Bayern"]
[Date "2014.10.19"]
[Round "1.2"]
[White "Wiemer, Peter"]
[Black "Justen, Detlef"]
[Result "1-0"]
[WhiteElo "2183"]
[BlackElo "2072"]
[PlyCount "77"]
[EventDate "2014.10.19"]
[EventType "team-tourn"]
[EventRounds "9"]
[EventCountry "GER"]
[SourceTitle "EXT 2018"]
[Source "ChessBase"]
[SourceDate "2017.10.13"]
[SourceVersion "1"]
[SourceVersionDate "2017.10.13"]
[SourceQuality "1"]
[WhiteTeam "Zirndorf"]
[BlackTeam "Gunzenhausen"]
[WhiteTeamCountry "GER"]
[BlackTeamCountry "GER"]

1. e4 c5 2. c3 e6 3. d4 d5 4. e5 Nc6 5. Nf3 Bd7 6. a3 a5 7. b3 h5 8. Bd3 Nh6 9. 0-0 cxd4 10. cxd4 Qb6 11. Nc3 Ne7 12. Qe2 Nef5 13. Bg5 Be7 14. Bxe7 Nxe7 15. Bb5 Bc6 16. Rfd1 Nhf5 17. h4 0-0 18. a4 Rac8 19. Ng5 g6 20. Nf3 Bxb5 21. Nxb5 Rc6 22. Rd3 Rfc8 23. Qd2 Rc2 24. Qg5 Qd8 25. Ne1 Re2 26. Kf1 Re4 27. f3 Rxh4 28. g4 Rh1+ 29. Kg2 Ng3 30. Nd6 h4 31. Qf6 Rc7 32. Qxf7+ Kh8 33. Qxe6 Qf8 34. Nf7+ Kh7 35. Qf6 Qg7 36. Ng5+ Kh6 37. Qxg7+ Kxg7 38. Ne6+ Kh6 39. Nxc7 1-0